1636 1832 1963 1463 1725 1274 1498 1678 1291 1714 1421 1852 1612 1803 1002 1173 1712 1123 1899 1202 1306 1621 1011 1379 1386 1800 1520 1074 1048 1121 1755 1690 1299 1142 1400 1821 1821 1512 1740 1134 1984 1934 1585 1634 1885 1685 1050 1106 1188 1547 1593 1295 1810 1246 1698 1676 1315 1184 1618 1534 1573 1141 1594 1973 1496 1370 1889 1502 1473 1248 1128 1852 1534 1343 1854 1654 1096 1050 1042 1471 1543 1626 1507 1129 1876 1150 1301 1447 1038 1988 1668 1319 1437 1454 1391 1017 1767 1365 1771 BCNSPRNW ULIB Ver.6.0+V

เปลี่ยนเป็นภาษาไทย

Change to English
 แสดงรายละเอียดบรรณานุกรม
  กลับหน้าหลัก

Brief Record : Get Marc (ISO 2709) : E-mail record : QR code < ปิดหน้าต่าง
LEADER : 00000nam 2200000uu 4500
001    13399128888
003     ULIB
008    241024s2024||||th 000 0 tha d
020    ^a9780323761505
060 04 ^aWY152^bD411P
100 1  ^aDennison, Robin
245 10 ^aPass CCRN&^174; (Adult) /^cRobin Donohoe Dennison
250    ^a6th ed.
260    ^aSt. Louis, Mo. :^bMosby Elsevier,^c2024
300    ^ax, 542 p. :^bill. ;^c28 cm.
650  0 ^aIntensive care nursing.
650  0 ^aIntensive care nursing^vProblems, exercises, etc.
650  2 ^aCritical Care^vExamination Questions.
650  2 ^aCritical Care^vOutlines.
650  2 ^aCritical Illness^xnursing^vExamination Questions.
650  2 ^aCritical Illness^xnursing^vOutlines.
650  2 ^aNursing Assessment^vExamination Questions.
650  2 ^aNursing Assessment^vOutlines.
945    ^p1785^l0^i011135
999    ^aประนอม เกษจรัล
รายการนี้ยังไม่มีแท็ก
คุณยังไม่ได้ล็อกอิน คุณสามารถมีกิจกรรมร่วมกับเว็บไซต์ได้ แต่ต้องล็อกอินก่อน ::
  ล็อกอิน

รายการสื่อสารสนเทศ

ลำดับที่ ประเภท เลขเรียก/บาร์โค้ด สถานที่ สถานะ
1. Book การพยาบาล
หนังสือสำรอง
สถานะ=หนังสือสำรอง
WY152 D411P ฉ.1 
  Barcode: 011135
ห้องสมุดวิทยาเขตสวรรค์ประชารักษ์
►หนังสือทั่วไป
บนชั้น

รายการใกล้เคียง
    หัวเรื่อง [Intensive care nursing.]

BibComment


ยังไม่เคยถูกคอมเมนท์

คอมเมนท์ทรัพยากรรายการนี้
  คอมเมนท์: Pass CCRN 74 Adu..


 Copyright 2026. Bcnsprnw @Library